Statystyki dla Gry stworzone przez Supercell

Kliknij tutaj aby rozwiązać quiz!

Ogólne statystyki

  • Ten quiz został rozwiązany 33 razy
  • Średni wynik to 5 z 15

Statystyki odpowiedzi

Rok wydaniaGra% Poprawnych
2017Brawl stars
100%
2016Clash Royale
83%
2012Clash of Clans
80%
2012Hay Day
57%
2024Squad Busters
50%
2014Boom Beach
47%
2021Clash mini
37%
2021Clash quest
17%
2019Rush Wars
13%
2021Everdale
10%
2020Hay Day Pop
10%
2021Clash heroes
7%
2023Flood rush
7%
2017Smash land
7%
2017Spooky Pop
3%

Rozkład punktacji

Percentyl według liczby udzielonych odpowiedzi

Procent ludzi z każdym wynikiem

Twoja historia wyników

Nie rozwiązałeś tego quizu